| 000 | 01897nam a2200397 a 4500 | ||
|---|---|---|---|
| 001 | ebr10298032 | ||
| 003 | CaPaEBR | ||
| 006 | m u | ||
| 007 | cr cn||||||||| | ||
| 008 | 080604s2009 mauab sb 001 0 eng d | ||
| 010 | _z 2008024001 | ||
| 020 | _z9781405183031 (hardcover : alk. paper) | ||
| 020 | _z9781405183024 (pbk. : alk. paper) | ||
| 040 |
_aCaPaEBR _cCaPaEBR |
||
| 035 | _a(OCoLC)647769324 | ||
| 043 | _af-sa--- | ||
| 050 | 1 | 4 |
_aHQ76.2.S6 _bT83 2009eb |
| 082 | 0 | 4 |
_a306.76/6209687355 _222 |
| 100 | 1 |
_aTucker, Andrew, _d1980- |
|
| 245 | 1 | 0 |
_aQueer visibilities _h[electronic resource] : _bspace, identity, and interaction in Cape Town / _cAndrew Tucker. |
| 260 |
_aMalden, Mass. : _bWiley-Blackwell, _c2009. |
||
| 300 |
_ax, 246 p. : _bill., maps. |
||
| 490 | 1 | _aRGS-IBG book series | |
| 504 | _aIncludes bibliographical references and index. | ||
| 505 | 0 | _aQueer visibilities in Cape Town -- Legacies and visibilities among white queer men -- Coloured visibilities and the raced nature of heteronormative space -- How to be a queer Xhosa man in the Cape Town townships -- Social invisibilities -- Political invisibilities (and visibilities) -- The costs of invisibility. | |
| 533 |
_aElectronic reproduction. _bPalo Alto, Calif. : _cebrary, _d2013. _nAvailable via World Wide Web. _nAccess may be limited to ebrary affiliated libraries. |
||
| 650 | 0 |
_aGay men _zSouth Africa _zCape Town _xSocial conditions. |
|
| 650 | 0 |
_aSexual orientation _zSouth Africa _zCape Town. |
|
| 650 | 0 |
_aSex discrimination _zSouth Africa _zCape Town. |
|
| 650 | 0 |
_aGay men _xIdentity. |
|
| 651 | 0 |
_aCape Town (South Africa) _xSocial conditions. |
|
| 655 | 7 |
_aElectronic books. _2local |
|
| 710 | 2 | _aebrary, Inc. | |
| 830 | 0 | _aRGS-IBG book series. | |
| 856 | 4 | 0 |
_uhttp://site.ebrary.com/lib/rucke/Doc?id=10298032 _zAn electronic book accessible through the World Wide Web; click to view |
| 999 |
_c64830 _d64830 |
||